Responses for Show #5586 - Monday, December 15, 2008

Contestants

[<< previous game]

Justin Waters, a resident physician from Royal Oak, Michigan

Cyndy Hawley, a retired adult basic educator from Morgantown, West Virginia

Christine Carrino Gorowara, a teacher educator from Wilmington, Delaware (whose 2-day cash winnings total $43,202)

[next game >>]

Jeopardy! Round responses

COUNTRY TIME
MOVING PICTURES
(Alex: You have to give the movie title as your correct response.)
BORN & DIED
LITTLE PITCHY DOG
PODGE-POURRI
IN THERE
(Alex: We'll give you a list of three things, and you have to tell us which one is actually in there.)
    $200 11
(Cyndy: What is Luxembourg?)

France

CyndyJustin
    $200 1
Ratatouille

Christine
    $200 6
Princess Diana

Christine
    $200 26
a Pekingese

Justin
    $200 21
(Justin: What is slow and steady?)

a snail's pace

ChristineJustin
    $200 16
peanuts

Christine
    $400 12
Norway

Justin
    $400 2
Transformers

Justin
    $400 7
Rosa Parks

Christine
    $400 27
a Chihuahua

Christine
    $400 22
the Boy Scout handbook

Christine
    $400 17
Archie Bunker's chair

Justin
    $600 13
Angola

Cyndy
    $600 3
Casablanca

Cyndy
    $600 8
Lawrence (of Arabia)

Cyndy
    $600 28
a Maltese

Justin
    $600 23
(2 of) Treasury, Secretary of State, Secretary of War & Attorney General

Triple Stumper
    $600 18
Deimos

Justin
    $1,600 14
Israel

Cyndy
    $800 4
(Christine: What is The Butterfly and the Diving Bell?)

The Diving Bell and the Butterfly

ChristineCyndy
    $800 9
(Karl) Marx

Christine
    $800 29
Yorkshire terriers

Triple Stumper
    $800 24
(Cyndy: Uh, what is Edward?)

Richard

Cyndy
Triple Stumper
    $800 19
Barbados

Christine
    $1000 15
(Alex: Murmansk--a famous port in [*].)

Russia

Triple Stumper
    $1000 5
Cloverfield

Justin
    $1000 10
(Christine: Who is Shaw?)

Oscar Wilde

Christine
Triple Stumper
    $1000 30
Pomeranian

Triple Stumper
    $1000 25
Australia

Christine
    $1000 20
Kutuzov

Justin

Scores at the first commercial break (after clue 15):

Christine Cyndy Justin
-$200 $4,000 $2,000

Scores at the end of the Jeopardy! Round:

Christine Cyndy Justin
$2,800 $3,200 $4,600

Double Jeopardy! Round responses

GENERAL SCIENCE
SPORTS STATUES
PRE-CIVIL WAR AMERICA
THE "L" WORDS
ALLITERATIVE AUTHORS
NOT IN THERE
    $400 16
rock

Cyndy
    $400 21
Nicklaus

Justin
    $400 26
The Farmer's Almanac

Christine
    $400 1
the limelight

Cyndy
    $400 6
(Fannie) Flagg

Christine
    $400 11
Rose

Justin
    $800 17
(Cyndy: What is red?)

yellow

Cyndy
Triple Stumper
    $800 22
Michael Jordan

Justin
    $800 27
McCormick

Christine
    $800 2
a lid

Justin
    $800 7
John Jakes

Triple Stumper
    $800 12
Sting

Justin
    $1200 18
(Alex: A block and tackle is basically [*] set-up.)

a pulley

Triple Stumper
    $1200 23
the Pittsburgh Pirates

Justin
    $1200 28
"Oh! Susanna"

Triple Stumper
    $1200 3
(Christine: What is lilac?)

lavender

ChristineJustin
    $1200 8
Graham Greene

Cyndy
    $1200 13
freedom

Justin
    $1600 19
secondary

Justin
    $3,000 24
(Justin: Who is Secretariat?)

Man o' War

Justin
    $1600 29
(Cyndy: What is the Cumberland Trail?)
...
[The end-of-round signal sounds.]

the Wilderness Trail (or Road)

Cyndy
Triple Stumper
    $1600 4
lachrymose

Christine
    $1600 9
James Jones

Triple Stumper
    $1600 14
S

Christine
    $2000 20
(Justin: What is algae?)
(Alex: Be more specific.)
(Justin: What is...? I'm sorry.)

phytoplankton

Justin
Triple Stumper
    $2000 25
Pat Tillman

Justin
    $2000 5
a livery

Cyndy
    $3,000 10
(Cyndy: Who is..? Sorry.)
(Alex: No. He wrote Raise the Titanic, [*], [*].)

Clive Cussler

Cyndy
    $2000 15
Philemon

Triple Stumper

Scores at the end of the Double Jeopardy! Round:

Christine Cyndy Justin
$6,400 $1,800 $10,000

[wagering suggestions for these scores]

Final Jeopardy! Round responses

PERFORMERS & HOMETOWN VENUES
CyndyWho is Billy Joel?
$1,000
ChristineWho is Durante?
$4,000
JustinWho is Springsteen?
$2,801
Billy Joel

Final scores:

Christine Cyndy Justin
$2,400 $2,800 $7,199
3rd place: $1,000 2nd place: $2,000 New champion: $7,199

Game dynamics:

Coryat scores:

Christine Cyndy Justin
$6,400 $4,000 $13,000
15 R,
3 W
9 R
(including 1 DD),
5 W
(including 1 DD)
19 R,
3 W
(including 1 DD)

Combined Coryat: $23,400

[game clues] [game scores] [suggest correction]

Game tape date: 2008-10-20
The J! Archive is created by fans, for fans. Scraping, republication, monetization, and malicious use prohibited; this site may use cookies and collect identifying information. See terms. The Jeopardy! game show and all elements thereof, including but not limited to copyright and trademark thereto, are the property of Jeopardy Productions, Inc. and are protected under law. This website is not affiliated with, sponsored by, or operated by Jeopardy Productions, Inc. Join the discussion at JBoard.tv.